| 000 | 00649nam a2200217 i 4500 | ||
|---|---|---|---|
| 001 | 14702 | ||
| 003 | ES-MaACL | ||
| 005 | 20250809070328.0 | ||
| 007 | t| | ||
| 008 | 990525s1964 fr ||||1| fre d | ||
| 080 | _a821.133.1-31"19" | ||
| 100 | 1 |
_aAudoux, Marguerite. _923868 |
|
| 245 | 1 | 0 |
_aMarie-Claire _b: roman / _cMarguerite Audoux ; préface d'Octave Mirbeau. |
| 260 |
_aParis : _bLe Livre de Poche, _c1964. |
||
| 300 |
_a246 p. ; _c17 cm. |
||
| 490 | 1 |
_aLe Livre de poche ; _v742 |
|
| 700 | 1 |
_aMirbeau, Octave. _981577 |
|
| 830 | 0 | 3 |
_aLe livre de poche _v742 _9179656 |
| 852 |
_aES-MaACL _jL-21857 _bR.113625 |
||
| 999 |
_c14702 _d14702 |
||